Hacking tools and techniques and incident handling (Record no. 110960)
[ view plain ]
| 000 -LEADER | |
|---|---|
| fixed length control field | 00377nam a2200145Ia 4500 |
| 008 - FIXED-LENGTH DATA ELEMENTS--GENERAL INFORMATION | |
| fixed length control field | 230917s9999||||xx |||||||||||||| ||und|| |
| 040 ## - CATALOGING SOURCE | |
| -- | 101440 |
| Original cataloging agency | VIVEKANANDA LIBRARY |
| 041 ## - Language | |
| -- | English |
| 082 ## - DDC NUMBER | |
| Classification number | 005.8 H116H |
| 100 ## - MAIN ENTRY--PERSONAL NAME | |
| Personal name | NIIT |
| 245 #0 - TITLE STATEMENT | |
| Title | Hacking tools and techniques and incident handling |
| 260 ## - PUBLICATION, DISTRIBUTION, ETC. (IMPRINT) | |
| Place of publication, distribution, etc | New Delhi |
| Name of publisher, distributor, etc | Prentice-Hall of India |
| Date of publication, distribution, etc | 2003 |
| 300 ## - PHYSICAL DESCRIPTION | |
| Pages | 366 p. |
| 942 ## - ADDED ENTRY ELEMENTS (KOHA) | |
| Koha item type | Books |
| Withdrawn status | Lost status | Damaged status | Not for loan | Location (home branch) | Sublocation or collection (holding branch) | Date acquired | Koha issues (times borrowed) | Koha full call number | Accession No. | Koha date last seen | Koha item type | Shelving location | Source of classification or shelving scheme |
|---|---|---|---|---|---|---|---|---|---|---|---|---|---|
| VIVEKANANDA LIBRARY | VIVEKANANDA LIBRARY | 29/07/2004 | 005.8 H116H | 198328 | 17/09/2023 | Books | |||||||
| VIVEKANANDA LIBRARY | VIVEKANANDA LIBRARY | 29/07/2004 | 2 | 005.8 H116H | 198329 | 12/05/2025 | Books | UIET Library | |||||
| VIVEKANANDA LIBRARY | VIVEKANANDA LIBRARY | 29/07/2004 | 2 | 005.8 H116H | 198330 | 12/08/2025 | Books | UIET Library | |||||
| Withdrawn | Lost and paid for | VIVEKANANDA LIBRARY | VIVEKANANDA LIBRARY | 29/07/2004 | 005.8 H116H | 198331 | 17/09/2023 | Books | UIET Library | Dewey Decimal Classification | |||
| VIVEKANANDA LIBRARY | VIVEKANANDA LIBRARY | 29/07/2004 | 1 | 005.8 H116H | 198332 | 17/06/2025 | Books | UIET Library | |||||
| VIVEKANANDA LIBRARY | VIVEKANANDA LIBRARY | 29/07/2004 | 1 | 005.8 H116H | 198333 | 12/02/2024 | Books | UIET Library | |||||
| VIVEKANANDA LIBRARY | VIVEKANANDA LIBRARY | 29/07/2004 | 005.8 H116H | 198334 | 17/09/2023 | Books | |||||||
| VIVEKANANDA LIBRARY | VIVEKANANDA LIBRARY | 29/07/2004 | 1 | 005.8 H116H | 198335 | 07/02/2024 | Books | UIET Library | |||||
| VIVEKANANDA LIBRARY | VIVEKANANDA LIBRARY | 29/07/2004 | 3 | 005.8 H116H | 198336 | 17/03/2025 | Books | UIET Library | |||||
| VIVEKANANDA LIBRARY | VIVEKANANDA LIBRARY | 29/07/2004 | 005.8 H116H | 198337 | 17/09/2023 | Books |
